000 00541nam a2200229Ia 4500
003 OSt
005 20220912153130.0
006 a|||||r|||| 00| 0
007 ta
008 220909b |||||||| |||| 00| 0 eng d
024 _a19571
037 _cTextual
040 _aCSL
_beng
_cCSL
041 _aeng
082 _aB:R14, J3
100 _aGodel Kurt
245 0 _aConsistency of the axiom of choice etc.
260 _c1953
300 _ap.
_ccm.
942 _hB:R14, J3
_cTEXL
_2CC
999 _c98604
_d98604